000 00571nam a2200193Ia 4500
005 20250326140531.0
008 250326s9999 xx 000 0 und d
020 _a0-8144-0394-8
037 _aTextbook
040 _aFMSL
_beng
_cFMSL
041 _aeng
_2eng
084 _aX:74 N9
_qFMSL
100 _aFogg D
_9742505
245 0 _aImplementing your strategic plan: How to turn intent into effective action for sustainable change
_cFogg D
260 _aU.S.A.
_bU.S.A., AMA
_c1999
300 _a433p
942 _cTB
_hX:74 N9
999 _c1286197
_d1286197